Vietnam INGO Directory 2008

The document sought to be a resource providing information about the work organizations were conducting in the country, which activities they were involved in, and where they were working. This overall aim is still to: increase knowledge, in Vietnam and overseas, about INGOs working in Vietnam; and...

وصف كامل

محفوظ في:
التفاصيل البيبلوغرافية
مؤلف مشترك: VUFO-NGO resource centre
التنسيق: كتاب
اللغة:Undetermined
منشور في: Hanoi VUFO-NGO resource centre 2008
الموضوعات:
الوسوم: إضافة وسم
لا توجد وسوم, كن أول من يضع وسما على هذه التسجيلة!
Thư viện lưu trữ: Trung tâm Học liệu Trường Đại học Cần Thơ
LEADER 01140nam a2200205Ia 4500
001 CTU_142986
008 210402s9999 xx 000 0 und d
082 |a 327.59597 
082 |b V987 
110 |a VUFO-NGO resource centre 
245 0 |a Vietnam INGO Directory 2008 
245 0 |c VUFO-NGO resource centre 
260 |a Hanoi 
260 |b VUFO-NGO resource centre 
260 |c 2008 
520 |a The document sought to be a resource providing information about the work organizations were conducting in the country, which activities they were involved in, and where they were working. This overall aim is still to: increase knowledge, in Vietnam and overseas, about INGOs working in Vietnam; and help foster communication among INGOs, the Government of Vietnam, local groups, organizations and associations, and other international and local agencies. 
650 |a International economic relations,Non-governmental organizations,Phi chính phủ,Các mối quan hệ kinh tế quốc tế 
650 |x Directorries,Thư mục 
904 |i Trọng Hiếu 
980 |a Trung tâm Học liệu Trường Đại học Cần Thơ